Normal view MARC view
  • Rashid, Faryal

Entry Personal Name

Number of records used in: 1

001 - CONTROL NUMBER

  • control field: 134103

003 - CONTROL NUMBER IDENTIFIER

  • control field: NUST

005 - DATE AND TIME OF LATEST TRANSACTION

  • control field: 20260414113143.0

008 - FIXED-LENGTH DATA ELEMENTS

  • fixed length control field: 260414|| aca||aabn | a|a d

040 ## - CATALOGING SOURCE

  • Original cataloging agency: NUST
  • Transcribing agency: NUST

100 ## - HEADING--PERSONAL NAME

  • Personal name: Rashid, Faryal

670 ## - SOURCE DATA FOUND

  • Source citation: Work cat.: (NUST): Rashid, Faryal, Exploring Institutional Resilience in Disaster Governance: A Case Study of the National Disaster Management Authority (NDMA), Pakistan/
© 2023 Central Library, National University of Sciences and Technology. All Rights Reserved.